=LDR 00000nam 2200000 4500 =001 INLIS000000000047241 =005 20150917170436.0 =006 =007 =008 =020 ##$$a 978-979-29-0950-0 =035 ##$$0010-091500000000071 =040 ##$$a ind =082 ##$$a 618.2 =090 ##$$a 618.2 $b Ari =100 ##$$a Ari, Sulistyawati =245 ##$$a Buku Ajar Asuahan =250 ##$$a ed.1 =260 ##$$a Yogyakarta $b Andi $c 2009 =300 ##$$a xiv, 258 hlm $c 23 cm =850 ##$$a NBPDMAT =990 ##$$a 0001/BPAP-NTB/2015